El Passeig de Gràcia / Fotografies: Xavier Miserachs ; textos: Xavier Bru de Sala, Màrius Carol, Maria de la Pau Janer, Sergi Pàmies, Vicenç Villatoro ; disseny gràfic: Enric Satué Xavier Miserachs ; textos:
ISBN:
84-930246-0-0
Descripción Física:
147 p. : principalment il. ; 33 cm
MARC
| LEADER | 00000nam a2200000Ia 4500 | ||
|---|---|---|---|
| 001 | 12158 | ||
| 008 | 160829s1998 xx 000 0 cat d | ||
| 020 | |a 84-930246-0-0 | ||
| 080 | |a FOL-1-38 | ||
| 100 | |a Miserachs, Xavier, |d 1937-1998 |9 36392 | ||
| 245 | |a El Passeig de Gràcia / Fotografies: |b Xavier Miserachs ; textos: |b Xavier Bru de Sala, Màrius Carol, Maria de la Pau Janer, Sergi Pàmies, Vicenç Villatoro ; disseny gràfic: |b Enric Satué | ||
| 260 | |a Barcelona : |b Main, Imagen Global Corporativa, S.A., |c 1998 | ||
| 300 | |a 147 p. : |b principalment il. ; |c 33 cm | ||
| 650 | |a Carrers |x Barcelona |9 27221 | ||
| 651 | 0 | |a Passeig de Gràcia (Barcelona, Catalunya) |9 54325 | |
| 700 | |a Bru de Sala, Xavier |d 1952- |9 22488 | ||
| 700 | |a Satué, Enric |9 22489 | ||
| 901 | |a Arxiu | ||
| 942 | |n 1 | ||
| 952 | |0 0 |1 0 |4 0 |6 FOL138 |7 1 |9 47306 |a Arxiu |b Arxiu |d 2016-12-01 |l 0 |o FOL-1-38 |p 12158 |r 2016-12-01 00:00:00 |w 2016-12-01 |y ARXIU | ||
| 999 | |c 51103 |d 51103 | ||